2. Bundesliga Teams 2025/2026 - Statistiken

Allgemein
  • Dieses Quiz wurde 1.091 mal gespielt
  • Das Durchschnittsergebnis liegt bei 16 aus 18
Antwortstatistiken
Verein % Korrekt
FC Schalke 04
96%
Dynamo Dresden
94%
Holstein Kiel
93%
SV Elversberg
93%
1. FC Nürnberg
91%
VfL Bochum
91%
Hertha BSC
90%
SpVgg Greuther Fürth
89%
Eintracht Braunschweig
88%
Hannover 96
88%
1. FC Kaiserslautern
86%
Fortuna Düsseldorf
86%
Arminia Bielefeld
85%
1. FC Magdeburg
82%
Karlsruher SC
82%
Preußen Münster
79%
SC Paderborn 07
79%
SV Darmstadt 98
75%
Keine übereinstimmenden Quizze gefunden
Verteilung der Resultate
Anzahl Personen mit jedem Resultat
Perzentil nach korrekt beantworteten Fragen
Ihre Resultats-Entwicklung
Sie haben dieses Quiz noch nicht gespielt